000
00306nam a2200109Ia 4500
008
200302s9999 xx 000 0 und d
100
_a
Grodon Kerr
245
_a
Timeline Of India : From ancient Civilization to World Power And Economic Miracle
260
_b
Omni Press Ltd
260
_c
2011
300
_a
159 P
999
_c
4945
_d
4945